Alternative Dispute Resolution in the Context of Consumer Protection
Podstata alternatívneho riešenia sporov, jeho dostupné nátroje a kompetencie subjektov alternatívneho riešenia sporov v oblasti ochrany spotrebiteľov.
Enregistré dans:
| Auteur principal: | |
|---|---|
| Autres auteurs: | |
| Format: | Chapitre de livre |
| Langue: | slovaque |
| Sujets: | |
| Tags: |
Pas de tags, Soyez le premier à ajouter un tag!
|
MARC
| LEADER | 00000naa$a2200000$$$4500 | ||
|---|---|---|---|
| 001 | 0271654 | ||
| 005 | 20240527085938.7 | ||
| 041 | 0 | |a slo | |
| 044 | |a CZ | ||
| 245 | 1 | 0 | |a Alternative Dispute Resolution in the Context of Consumer Protection |c Jana Kissová, Gabriela Dubcová |
| 520 | |a Podstata alternatívneho riešenia sporov, jeho dostupné nátroje a kompetencie subjektov alternatívneho riešenia sporov v oblasti ochrany spotrebiteľov. | ||
| 610 | 2 | 0 | |a spory súdne |
| 610 | 2 | 0 | |a spotrebitelia |
| 610 | 2 | 0 | |a ochrana spotrebiteľa |
| 610 | 2 | 0 | |a práva spotrebiteľské |
| 100 | 1 | |a Kissová, Jana, 1979- | |
| 700 | 1 | |a Dubcová, Gabriela, 1968- | |